000 00595nam a2200205Ia 4500
005 20250508150420.0
008 008 250505s9999 xx 000 0 eng d
037 _aBooks to be hide in OPAC
040 _aFEDL
_beng
_cFEDL
041 _aeng
_2eng
084 _a150.195, FRE/O
_qFEDL
100 _aFreud Sigmund
245 0 _aInterpretation of dreams
260 _aLondon, UK
_bGeorge Allen and Unwin Ltd.
_c1913
300 _a600p.
365 _aINR
_b12
490 _aInternational Psycho-Analytical Library
942 _cHB
_h150.195, FRE/O
999 _c1323525
_d1323525